Sieger des Dschungelcamps - Statistiken

Allgemein
  • Dieses Quiz wurde 194 mal gespielt
  • Das Durchschnittsergebnis liegt bei 9 aus 16
Antwortstatistiken
Staffel Sieger/in % Korrekt
Staffel 1 Costa Cordalis
85%
Staffel 10 Menderes Bağci
67%
Staffel 13 Evelyn Burdecki
61%
Staffel 7 Joey Heindle
61%
Staffel 2 Désirée Nick
59%
Staffel 6 Brigitte Nielsen
57%
Staffel 14 Prince Damien
56%
Staffel 15 Filip Pavlović
55%
Staffel 3 Ross Antony
55%
Staffel 8 Melanie Müller
51%
Staffel 16 Djamila Rowe
50%
Staffel 11 Marc Terenzi
49%
Staffel 12 Jenny Frankhauser
48%
Staffel 5 Peer Kusmagk
48%
Staffel 4 Ingrid van Bergen
46%
Staffel 9 Maren Gilzer
43%
Keine übereinstimmenden Quizze gefunden
Verteilung der Resultate
Anzahl Personen mit jedem Resultat
Perzentil nach korrekt beantworteten Fragen
Ihre Resultats-Entwicklung
Sie haben dieses Quiz noch nicht gespielt